| 000 | 00543nam a22001817a 4500 | ||
|---|---|---|---|
| 005 | 20251108173305.0 | ||
| 008 | 250721s2004 xx 000 0 ara d | ||
| 082 | 1 | 4 | _a811.9/قاس |
| 100 | 1 |
_aالفاضل، أحمد _eed. |
|
| 245 | 1 | 0 | _aشرح ديوان أبو القاسم الشابي / |
| 264 | 1 |
_aبيروت : _bدار الفكر اللبناني، _c2004. |
|
| 300 | _a225ص | ||
| 650 | 1 | 7 | _aالشعر العربي |
| 650 | 1 | 7 | _aتونس |
| 700 | 1 | _aأبو القاسم الشابي، | |
| 942 |
_2ddc _cBK |
||
| 999 |
_c100494 _d100494 |
||